| 000 | 00766nam a2200193 a 4500 | ||
|---|---|---|---|
| 003 | 0 | ||
| 005 | 20250507123639.0 | ||
| 008 | 050808s19uu xx 00 eng d | ||
| 050 |
_aPHS PL 6051 _b.I45 2005 |
||
| 100 | _aIlic, Tara G. | ||
| 245 |
_aPerceptions of the SISC Upper School foreign students on learning Filipino as a Second Language / _cTara G. Ilic. |
||
| 260 |
_aLas PiƱas City, Philippines : _bSouthville International School and Colleges, _c2005. |
||
| 300 |
_a19 pages : _billustrations ; _c28 cm. |
||
| 504 | _aIncludes bibliographical references. | ||
| 650 |
_aFilipino language _xStudy and teaching _vForeign speakers. |
||
| 650 |
_aSecond language acquisition _zPhilippines. |
||
| 650 |
_aLanguage learning _xStudent attitudes. |
||
| 942 |
_2lcc _cPASS |
||
| 999 |
_c97241 _d97241 |
||